000 02279nam a2200289Ia 4500
008 130821s1776 be grdd spa
040 _aCo-BoUCM
_bspa
041 0 _aspa
_afre
092 _aE21N057
100 1 _aCormon, Francisco
245 1 0 _aSobrino aumentado, o Nuevo Diccionario de las lenguas española, francesa y latina ... dividido en tres tomos: los dos primeros contienen el español explicado por el francés y el latín; y el tercero el francés explicado por el español y el latín, con un Diccionario abreviado de Geographia ...
260 _aAmberes (Bélgica)
_bA costa de los Hermanos De Tournes
_c1776
300 _a698 páginas
500 _aColección incompleta.
500 _aDetalles físicos: Encuadernación en pergamino rígido (a la romana) en cartón duro forrado en pergamino, tapas con deterioro en bordes y esquinas, perforación en la tapa posterior. Conserva guardas con desprendimiento, ejemplar desencuadernado. Portada impresa a dos tintas con un grabado de poca calidad (unos ángeles con elementos del arte de la imprenta y sobre ellos un lema en latín: "No hagas a otros lo que no quieres que te hagan a ti"). Alguna cenefa y motivos decorativos. Texto regularmente impreso, en tres columnas, divididas por líneas verticales. Cada columna, identificada con las tres primeras letras de las palabras que contiene. Reclamos y signaturas. En la guarda delantera firma: "Doctor Fernando Caycedo y Cuero". En la portada, un sello de tinta que dice: "Del Colegio de Ntra. Sra. del Rosario".
505 _aV.2: F - Z
506 _aConsulta en sala.
520 _aIncluye los términos castellanos, se hace en francés una explicación de cada término y su sinónimo en latín.
546 _aTexto bilingüe español - francés.
650 0 4 _aEspañol
_vDiccionarios y enciclopedias
_xFrancés
_97588
650 0 4 _aFrancés
_vDiccionarios y enciclopedias
_xEspañol
_916125
650 0 4 _aLingüística aplicada
700 1 _aTournes
_chermanos
_eed
856 4 1 _zDisponible en línea V.2
_uhttp://books.google.com.co/books/ucm?id=FfNLAAAAcAAJ&printsec=frontcover&dq=Sobrino+aumentado+1776&ei=CuIaUMKSNoLgyAT5uoCoCA&hl=es&cd=1#v=onepage&q&f=false
942 _cLIBRO
_a12
_e1
_2DEWEY
_h443.6
999 _c37882
_d37882